| 000 | 00990cam a2200289 4500 | ||
|---|---|---|---|
| 008 | 090401t1993 xxu||||| |||| 00| 0 eng d | ||
| 020 | _a0406026505 | ||
| 035 | _a(Sirsi) u70326 | ||
| 041 | _aeng | ||
| 050 | _a346.4104346 | ||
| 100 | _aMatthews, Paul | ||
| 245 | 2 | _aA guide to the Leasehold Reform, Housing and Urban Development Act 1993. | |
| 260 |
_aLondon _bButterworths _c1993 |
||
| 300 | _axxii,451p. ; 25cm. | ||
| 350 | _a24 | ||
| 520 | _aAlso published as Hill and Redman`s Law of Landlord and Tenant Special Bulletin: A guide to the Leasehold Reform, Housing and Urban Development Act 1993 q.v. | ||
| 650 | _aLEASEHOLD FLATS | ||
| 650 | _aLEASEHOLD REFORM ACT 1967 | ||
| 650 | _aLEASEHOLD REFORM, HOUSING AND URBAN DEVELOPMENT ACT 1993 | ||
| 650 | _aRESIDENTIAL LEASES | ||
| 650 | _aRIGHT TO BUY | ||
| 650 | _aURBAN REGENERATION AGENCY | ||
| 690 | _aLANDLORD AND TENANT-LEASEHOLD REFORM | ||
| 700 | _aMillichap, Denzil | ||
| 942 | _n0 | ||
| 948 | _c04/03/1997 | ||
| 999 |
_c95314 _d95314 |
||